Texto refundido de la ley de organización y atribuciones de la Contraloría General de la República: ley n§10.336

Gespeichert in:
Bibliographische Detailangaben
Körperschaft: Contraloría General de la República (VerfasserIn)
Format: Buch
Sprache:Spanisch
Veröffentlicht: Santiago Contraloría General de la República 1972
Schlagworte:
Tags: Tag hinzufügen
Keine Tags, Fügen Sie den ersten Tag hinzu!

MARC

LEADER 00000nam a2200000 a 4500
001 UCS0723
003 CL-VaPUC
008 970426e19720000CL |||||||||||||||||spa|d
082 0 4 |a 342.064  |b CON  |2 21 
110 2 |a Contraloría General de la República  |e author  |9 384546 
245 1 0 |a Texto refundido de la ley de organización y atribuciones de la Contraloría General de la República: ley n§10.336 
300 |a 229 p 
942 |c BK 
945 |d 19970426 00:00:00  |a lriquelm 
260 |a Santiago  |b Contraloría General de la República  |c 1972 
650 7 |a LEY 10.336  |2 CL-VaPUC  |9 384547 
650 7 |a ORGANIZACION ADMINISTRATIVA  |2 CL-VaPUC  |9 257438 
650 0 |a Administración pública   |9 255343 
651 7 |a CHILE  |2 CL-VaPUC  |9 384548 
583 |a last modification  |c 19970426 00:00:00  |k Rodrigo Vera 
999 |c 258940  |d 258938 
952 |0 0  |1 0  |4 0  |6 342_064000000000000_CON_1972  |7 0  |8 A  |9 283361  |a BIBDER  |b BIBDER  |d 2019-11-19  |i 1835394  |o 342.064 CON 1972  |p 1835394  |r 2023-01-25  |w 2019-11-19  |y BK  |k DER 
952 |0 0  |1 0  |4 0  |6 342_064000000000000_CON_1972  |7 0  |8 A  |9 283363  |a BIBDER  |b BIBDER  |d 2019-11-19  |i 1876708  |o 342.064 CON 1972  |p 1876708  |r 2023-01-25  |w 2019-11-19  |y BK  |k DER